Normal view
MARC view
- Educación rural
Entry Materia
001 - NÚMERO DE CONTROL DEL REGISTRO
- campo de control: 19161
003 - IDENTIFICADOR DE NUMERO DE CONTROL
- campo de control: MX-MxUPN
005 - FECHA Y HORA DE LA ÚLTIMA TRANSACCIÓN
- campo de control: 20250827155000.0
008 - DATOS DE LONGITUD FIJA
- campo de control de longitud fija: 250827nabacnnnaabn b |nc |d
035 ## - NÚMERO DE CONTROL DEL SISTEMA
- Número de control del sistema: UPN10000019170
040 ## - FUENTE DE LA CATALOGACIÓN
- Lengua de catalogación: SPA
- Agencia de transcripción: MX-MxUPN
150 ## - ENCABEZAMIENTO - TEMÁTICO
- Término de materia o nombre geográfico como elemento inicial: Educación rural
- Subdivisión geográfica: México
- Subdivisión de forma: Planes y programas
670 ## - FUENTE EN LA QUE SE LOCALIZARON DATOS
- Cita de la fuente: LC/P
- Información localizada: Education, Rural - Mexico
670 ## - FUENTE EN LA QUE SE LOCALIZARON DATOS
- Cita de la fuente: Estrategias de aprovechamiento de los recursos para el aprendizaje: Guía de trabajo
- Información localizada: Portada: (Estrategias de aprovechamiento de los recursos para el aprendizaje : Guía de trabajo)
902 ## - CATALOGADOR
- Catalogador: MMA/200197
902 ## - CATALOGADOR
- Catalogador: Berenice Martínez/270825
